000 01607nam a22002777a 4500
008 090122t xxu||||| |||| 00| 0 eng d
010 _aB-349325-329
020 _a818263668X
_c25.00
020 _a9788182636682
_c25.00
035 _aB-349325-329
037 _bPratham Books
040 _adpl
_bEnglish
082 _aS
100 _aAnand, Paro
245 _aLion on the loose /
_cby Paro Anand; illustrated by Avishek Sen
260 _aBangalore
_bPratham Books
_c2006
300 _a20p.:
_bcol. ill.
_c23cm. (pbk)
700 _aSen, Avishek
942 _2ddc
_cCH
_mANA
_hS
999 _c22114
_d22114